| 000 | 01748nam2a22003371 4500 | ||
|---|---|---|---|
| 001 | RU\NLR\Per\808693 | ||
| 005 | 20260405163708.0 | ||
| 035 | _a(NLR Aleph) 003053051 | ||
| 090 |
_a2156079 _c2156079 |
||
| 100 | _a20111026d2011 |||y0rusy50 ca | ||
| 101 | 0 | _arus | |
| 102 | _aRU | ||
| 105 | _ay ||||||||| | ||
| 200 | 1 |
_aКадровые стратегии российских вузов-лидеров: планы и реализация _f[Инна Борисовна Назарова, д.э.н.] |
|
| 210 |
_d2011 _aБ. м. |
||
| 215 |
_a80 с. _d20 |
||
| 225 | 1 |
_aЭкономика высшей школы _x0235-6937 |
|
| 300 | _aАвт. указан в вып. дан. | ||
| 320 | _aБиблиогр.: с. 79 (5 назв.) и в подстроч. примеч. | ||
| 461 | 0 |
_1001RU\NLR\INFOCOMM15\1000028526 _12001#$aАналитические обзоры по основным направлениям развития высшего образования$fНИИ высш. образования$v2011, вып. 6 _93048338 _cМ. _d1996 - _fНИИ высш. образования _nНИИВО _tАналитические обзоры по основным направлениям развития высшего образования _v2011, вып. 6 |
|
| 606 | 1 |
_aВысшие учебные заведения _xКадровая работа _92299060 _3RU\NLR\AUTH\661376546 |
|
| 686 | 1 | _aЧ48п | |
| 700 | 1 |
_8rus _7ca _aНазарова _bИ. Б. _cсоциолог _gИнна Борисовна _3RU\NLR\AUTH\7769790 _952718 |
|
| 801 | 1 |
_aRU _bInfoComm _c20050914 |
|
| 801 | 0 |
_aRU _bNLR _gPSBO |
|
| 801 | 2 |
_aRU _bNLR _c20080530 _2rusmarc |
|
| 852 |
_aNLR _jП28/1716 |
||
| 942 | _cISSUE | ||
| 980 | _aNB | ||
| 980 | _aRUSPER | ||